Normale Ansicht MARC-Ansicht ISBD

Die letzte Rate aus Potsdam. (Titelsatznr. 372641)

[ MARC ]
MARC-Details
000 -Satzkennung
Kontrollfeld mit fester Länge 00628nab a2200193 4500
001 - Kontrollnummer
Kontrollfeld 244442
003 - Kontrollnummer Identifier
Kontrollfeld OSt
005 - Datum und Zeit der letzten Transaktion
Kontrollfeld 20230726134505.0
007 - Feld mit fester Länge zur physischen Beschreibung - Allgemeine Information
Kontrollfeld mit fester Länge tu
008 - Feld mit fester Länge zur physischen Beschreibung - Allgemeine Angaben
Kontrollfeld mit fester Länge 200917s2020|||||||
040 ## - Katalogisierungsquelle
Original-Katalogisierungsstelle DE-2950
Übertragungsstelle DE-2950
245 00 - Titel
Titel Die letzte Rate aus Potsdam.
Zusatz zum Titel Finanzen. Das Land und die Stadt Frankfurt haben die Teilentschuldungsvereinbarung seit dieser Woche vollständig umgesetzt/
Verfasserangabe etc. red/thg
264 ## - Produktion, Veröffentlichung, Distribution, Herstellung und Urheberrechtsvermerk
Datum der Herstellung, der Veröffentlichung, des Vertriebs oder des Urheberschutzvermerks 2023
653 ## - Indexierungsterm - Nicht normiert
Nicht-normierter Term Frankfurt (Oder)
653 ## - Indexierungsterm - Nicht normiert
Nicht-normierter Term Finanzen
653 ## - Indexierungsterm - Nicht normiert
Nicht-normierter Term Teilentschuldungsvereinbarung
773 0# - Übergeordnete Einheit
Verknüpfungsangaben 34. Jahrgang (2023) Nr. 163 vom 15.07.2023, S. 17, mit Foto
Titel Märkische Oderzeitung
942 ## - Zusätzliche Felder (Koha)
Klassifikation oder Aufstellungssystematik Andere/Generische Klassifikation
Koha-Medientyp Aufsätze

Keine Exemplare verfügbar.